Nos llevan hacia el abismo (Record no. 37575)

MARC details
000 -LEADER
campo de control de longitud fija 00678nam a2200193 i 4500
001 - NÚMERO DE CONTROL
campo de control 37575
003 - IDENTIFICADOR DE NÚMERO DE CONTROL
campo de control ES-MaACL
005 - FECHA Y HORA DE LA ÚLTIMA TRANSACCIÓN
campo de control 20230906155612.0
007 - CAMPO FIJO DE DESCRIPCIÓN FÍSICA--INFORMACIÓN GENERAL
campo de control de longitud fija t|
008 - DATOS DE LONGITUD FIJA--INFORMACIÓN GENERAL
campo de control de longitud fija 030221s1932 sp ||||1| spa d
100 0# - ENTRADA PRINCIPAL--NOMBRE DE PERSONA
Nombre de persona El Caballero Audaz.
9 (RLIN) 33095
245 10 - MENCIÓN DEL TÍTULO
Título Nos llevan hacia el abismo
Resto del título : (opiniones de un hombre de la calle) /
Mención de responsabilidad, etc. por El Caballero Audaz (seud.).
260 ## - PUBLICACIÓN, DISTRIBUCIÓN, ETC.
Lugar de publicación, distribución, etc. Madrid :
Nombre del editor, distribuidor, etc. [s.n.,
Fecha de publicación, distribución, etc. 1932] (
Fabricante Imp. Sèz)
300 ## - DESCRIPCIÓN FÍSICA
Extensión 186 p. ;
Dimensiones 19 cm.
490 1# - MENCIÓN DE SERIE
Mención de serie Al servicio del pueblo. Crónica política del mes. Año I ;
Designación de volumen o secuencia 5
830 0# - PUNTO DE ACCESO ADICIONAL DE SERIE-TÍTULO UNIFORME
Título uniforme Al servicio del pueblo. Crónica política del mes. Año I ;
Designación de volumen o secuencia 5
9 (RLIN) 181725
852 ## - LOCALIZACIÓN
Ubicación ES-MaACL
Número de control de estantería C-7026
Holdings
Estatus retirado Estado de pérdida Estado de daño No para préstamo Biblioteca de origen Biblioteca actual Ubicación en estantería Fecha de adquisición Fuente de adquisición Total de préstamos Signatura topográfica completa Código de barras Visto por última vez Precio de reemplazo Tipo de ítem Koha
        Biblioteca del Ateneo de Madrid Biblioteca del Ateneo de Madrid Sala Palomar 17/01/2008     C-7026 1039554 23/02/2023 23/02/2023 Libro impreso